Načítá se...

TS 185/2 kalathilkunnu amsam desam

Podrobná bibliografie
Hlavní autor: Hema Prakash
Médium: Printed Book
Jazyk:Malayalam
Vydáno: Thrissur: Current Books, 2010.
LEADER 00449nam a22001217a 4500
008 111204s9999 xx 000 0 mal d
100 |a Hema Prakash 
245 |a TS 185/2 kalathilkunnu amsam desam  |c /Hema Prakash 
260 |a Thrissur:  |b Current Books,  |c 2010. 
300 |a 163p. 
942 |c BK 
999 |c 230670  |d 230670 
952 |0 0  |1 0  |2 ddc  |4 0  |6 920_000000000000000_HEM_T  |7 0  |9 255359  |a MAL  |b MAL  |c ST1  |d 2012-06-01  |g 100.00  |l 0  |o 920 HEM/T  |p MAL34023  |r 2015-04-13  |w 2015-04-13  |y BK